| 000 | 00634nam a2200193 a 4500 | ||
|---|---|---|---|
| 001 | 3917 | ||
| 005 | 20140414131933.0 | ||
| 008 | 040602s19uu xx 00 eng d | ||
| 020 | _a0-89434-076-X | ||
| 050 |
_aREF 507 _bH54 1987 |
||
| 100 | _aHighland, Harold Joseph | ||
| 245 |
_aLight and color : _bThe how and wonder book / _cHarold Joseph Highland ; illustrated by George J. Zaffo. |
||
| 260 |
_aChicago : _bJ. G. Ferguson Pub., _c1987. |
||
| 300 | _a48 p. : ill. ; cm. | ||
| 440 | _aThe Science Library | ||
| 500 | _a[Light and color--Electricity--Magnets and Magnetism] | ||
| 650 | _aScience experiments. | ||
| 999 |
_c112334 _d112334 |
||